<?xml version="1.0" encoding="UTF-8"?>
<record
    xmlns:xsi="http://www.w3.org/2001/XMLSchema-instance"
    xsi:schemaLocation="http://www.loc.gov/MARC21/slim http://www.loc.gov/standards/marcxml/schema/MARC21slim.xsd"
    xmlns="http://www.loc.gov/MARC21/slim">

  <leader>00719nam a22001577a 4500</leader>
  <controlfield tag="003">OSt</controlfield>
  <controlfield tag="005">20151006151308.0</controlfield>
  <controlfield tag="008">150913b        xxu||||| |||| 00| 0 eng d</controlfield>
  <datafield tag="040" ind1=" " ind2=" ">
    <subfield code="c">RUA</subfield>
  </datafield>
  <datafield tag="082" ind1=" " ind2=" ">
    <subfield code="a">AGR SAR 1998 B020 Or.1</subfield>
  </datafield>
  <datafield tag="100" ind1=" " ind2=" ">
    <subfield code="9">372</subfield>
    <subfield code="a">SAR, KOSAL.</subfield>
  </datafield>
  <datafield tag="245" ind1=" " ind2=" ">
    <subfield code="a">&#x179F;&#x17B7;&#x1780;&#x17D2;&#x179F;&#x17B6;&#x17A2;&#x17C6;&#x1796;&#x17B8;&#x17B7;&#x1780;&#x17B6;&#x179A;&#x1794;&#x1793;&#x17D2;&#x178F;&#x1796;&#x17BC;&#x1787;&#x178A;&#x17C4;&#x1799;&#x1792;&#x1798;&#x17D2;&#x1798;&#x1787;&#x17B6;&#x178F;&#x17B7; &#x1793;&#x17C3;&#x1794;&#x17D2;&#x179A;&#x1797;&#x17C1;&#x1791;&#x179F;&#x17D2;&#x179A;&#x179B;&#x17CB;&#x179F;&#x1793;&#x17D2;&#x179B;&#x17BA;&#x1780;&#x1796;&#x17B8;&#x179A;&#x200B; &#x1793;&#x17C5;&#x178F;&#x17C6;&#x1794;&#x1793;&#x17CB;&#x1782;&#x17B8;&#x179A;&#x17B8;&#x179A;&#x1798;&#x17D2;&#x1799; &#x1781;&#x17C1;&#x178F;&#x17D2;&#x178F;&#x1780;&#x17C6;&#x1796;&#x1784;&#x17CB;&#x179F;&#x17D2;&#x1796;&#x17BA;&#x200B; (study of natural regeneration of the pinus merkusii species on the kirirom agrea "kampongspeu province")</subfield>
  </datafield>
  <datafield tag="260" ind1=" " ind2=" ">
    <subfield code="a">Phnom Penh</subfield>
    <subfield code="b">RUA</subfield>
    <subfield code="c">1998</subfield>
  </datafield>
  <datafield tag="300" ind1=" " ind2=" ">
    <subfield code="a">75p.</subfield>
    <subfield code="b">ill.</subfield>
    <subfield code="c">29cm.</subfield>
  </datafield>
  <datafield tag="942" ind1=" " ind2=" ">
    <subfield code="2">ddc</subfield>
    <subfield code="c">AVM</subfield>
  </datafield>
  <datafield tag="999" ind1=" " ind2=" ">
    <subfield code="c">353</subfield>
    <subfield code="d">353</subfield>
  </datafield>
  <datafield tag="952" ind1=" " ind2=" ">
    <subfield code="0">0</subfield>
    <subfield code="1">0</subfield>
    <subfield code="2">ddc</subfield>
    <subfield code="4">0</subfield>
    <subfield code="6">AGR_SAR_1998_000000000000000_B020_OR_1</subfield>
    <subfield code="7">0</subfield>
    <subfield code="9">15343</subfield>
    <subfield code="a">LBB</subfield>
    <subfield code="b">LBB</subfield>
    <subfield code="c">B125</subfield>
    <subfield code="d">2015-11-10</subfield>
    <subfield code="o">AGR SAR 1998 B020 Or.1</subfield>
    <subfield code="p">RUA008215</subfield>
    <subfield code="r">2015-11-10</subfield>
    <subfield code="w">2015-11-10</subfield>
    <subfield code="y">AVM</subfield>
  </datafield>
  <datafield tag="952" ind1=" " ind2=" ">
    <subfield code="0">0</subfield>
    <subfield code="1">0</subfield>
    <subfield code="2">ddc</subfield>
    <subfield code="4">0</subfield>
    <subfield code="6">AGR_SAR_1998_000000000000000_B020_OR_2</subfield>
    <subfield code="7">0</subfield>
    <subfield code="9">15344</subfield>
    <subfield code="a">LBB</subfield>
    <subfield code="b">LBB</subfield>
    <subfield code="c">B125</subfield>
    <subfield code="d">2015-11-10</subfield>
    <subfield code="o">AGR SAR 1998 B020 Or.2</subfield>
    <subfield code="p">RUA040558</subfield>
    <subfield code="r">2015-11-10</subfield>
    <subfield code="w">2015-11-10</subfield>
    <subfield code="y">AVM</subfield>
  </datafield>
</record>
